1698 1463 1430 1299 1135 1827 1066 1181 1580 1762 1359 1606 1826 1134 1088 1000 1734 1532 1732 1988 1542 1630 1926 1366 1696 1646 1922 1495 1254 1128 1570 1128 1592 1467 1491 1191 1269 1642 1633 1700 1134 1385 1598 1803 1509 1195 1060 1382 1985 1978 1304 1510 1992 1768 1159 1954 1815 1350 1219 1264 1084 1807 1785 1799 1039 1245 1946 1917 1908 1562 1152 1360 1855 1379 1863 1802 1103 1093 1798 1657 1669 1180 1658 1552 1782 1632 1629 1902 1702 1557 1925 1513 1967 1917 1498 1601 1476 1781 1878 BCNSPRNW ULIB Ver.6.0+V

เปลี่ยนเป็นภาษาไทย

Change to English
 แสดงรายละเอียดบรรณานุกรม
  กลับหน้าหลัก

Brief Record : Get Marc (ISO 2709) : E-mail record : QR code < ปิดหน้าต่าง
LEADER : 00000nam 2200000uu 4500
001    13399113437
003     ULIB
008    111116s2549||||th 000 0 tha d
020    ^a9748137007
060 04 ^aW62^bC734 2549
245 00 ^aCommunication skills :^bสื่อสารอย่างไรให้ประสบความสำเร็จ /^cบรรณาธิการ, ชิษณุ พันธุ์เจริญ, รัตโนทัย พลับรู้การ, อุษาทิสยากร
246 30 ^aสื่อสารอย่างไรให้ประสบความสำเร็จ
250    ^aพิมพ์ครั้งที่ 1
260    ^aกรุงเทพฯ :^bสมาคมกุมารแพทย์แห่งประเทศไทย,^c2549
300    ^a98 หน้า ;^c21 ซม.
650  7 ^aการสื่อสารทางการแพทย์
650  7 ^aผู้ป่วย^xการให้คำปรึกษา
700 0  ^aชิษณุ พันธุ์เจริญ,^eบรรณาธิการ
700 0  ^aรัตโนทัย พลับรู้การ,^eบรรณาธิการ
700 0  ^aอุษา ทิสยากร,^eบรรณาธิการ
945    ^p120^l0^i14147
995    ^aกัณชพร
999    ^aใช้งานได้ทุกระบบ
รายการนี้ยังไม่มีแท็ก
คุณยังไม่ได้ล็อกอิน คุณสามารถมีกิจกรรมร่วมกับเว็บไซต์ได้ แต่ต้องล็อกอินก่อน ::
  ล็อกอิน

รายการสื่อสารสนเทศ

ลำดับที่ ประเภท เลขเรียก/บาร์โค้ด สถานที่ สถานะ
- ไม่พบข้อมูล -

รายการใกล้เคียง
    หัวเรื่อง [การสื่อสารทางการแพทย์]

BibComment


ยังไม่เคยถูกคอมเมนท์

คอมเมนท์ทรัพยากรรายการนี้
  คอมเมนท์: Communication sk..


 Copyright 2026. Bcnsprnw @Library